000 00690nam a22002177a 4500
005 20170124105936.0
010 _aA-689055
020 _c00.00
_a818545700
035 _aA-689055
037 _bCen Lib/Ret
040 _aDPL
_bEN
082 _a304.8
_2SAS
100 _aSastry,Chadrashekhar
_99666
245 _aThe non resident Indian :
_cby Chandrashekhar Sastry
_bfrom non being to being /
260 _aBangalore
_bPanther publishers
_c1991
270 _a29 third cross iv th block Koramangla
_bBangalore
_e560034
300 _av,159p.
_c20cm(Hb)
650 _aEast Indians
_99667
650 _aForeign countries-East Indians
_99668
942 _2ddc
_cEN
_h304.8
_mSAS
999 _c124182
_d124182